Città che iniziano con P su una mappa - Statistics

Statistiche generali
  • Questo quiz è stato fatto 51 volte
  • Il punteggio medio è 15 su 30
Risposte nella Mappa
Le risposte nella mappa del quiz sottostante sono codificate secondo una scala di colori dal rosso al verde in base alla % di persone che hanno risposto correttamente.
 
Statistiche sulle risposte
città % Corretto
Palermo
98%
Parigi
98%
Praga
93%
Panama
83%
Padova
78%
Priština
73%
Pretoria
70%
Pyongyang
68%
Phnom Penh
63%
Perth
58%
Port-au-Prince
58%
Pamplona
55%
Philadelphia
53%
Phoenix
53%
Port of Spain
53%
Portsmouth
53%
Port Moresby
50%
Portland
48%
Porto Novo
45%
Pittsburgh
38%
Porto Alegre
33%
Plovdiv
30%
Providence
28%
Pune
25%
Phuket
23%
Port Harcourt
23%
Puebla
23%
Patna
20%
Palembang
18%
Pondicherry
8%
Nessun quiz corrispondente trovato
Distribuzione punteggi
Percentuale di utenti per punteggio
Percentile per numero di risposta
I tuoi punteggi nel tempo
Non hai fatto questo quiz